El museo de cera

Guardat en:
Dades bibliogràfiques
Autor principal: Edwards, Jorge (Autor)
Format: Llibre
Idioma:espanyol
Publicat: Santiago Seix Barral 1985
Edició:1a. ed
Col·lecció:Literatura Contemporánea, 10
Matèries:
Etiquetes: Afegir etiqueta
Sense etiquetes, Sigues el primer a etiquetar aquest registre!

MARC

LEADER 00000cam a2200000 a 4500
001 UCE9396
003 CL-VaPUC
008 151022e19850000cl |||||||||||||||||spa|d
082 0 4 |a 863  |b EDW  |2 21 
100 0 |a Edwards, Jorge  |e author  |9 371556 
245 1 3 |a El museo de cera 
250 |a 1a. ed 
300 |a 189 p 
942 |c BK 
945 |d 20151022 17:18:00  |a dcastane 
260 |a Santiago  |b Seix Barral  |c 1985 
650 0 |a Narrativa hispanoamericana  |9 552155 
650 0 |a Literatura chilena   |9 308278 
650 0 |a Novelas chilenas   |9 265425 
583 |a last modification  |c 20151022 17:18:00  |k Rodrigo Vera 
490 0 |a Literatura Contemporánea, 10 
999 |c 361060  |d 361058 
952 |0 0  |1 0  |3 erb  |4 0  |6 863_000000000000000_EDW_1985  |7 0  |8 C  |9 471382  |a BIBCUR  |b BIBCUR  |i 5205832  |o 863 EDW 1985  |p 5205832  |r 2025-04-22  |w 2019-11-24  |y BK  |z Catalogado en:20151022  |k CAC